Library of the University of Algiers 3
Ibrahim Sultan Cheibout
شعار جامعة الجزائر 3
مكتبة جامعة الجزائر 3
إبراهيم سلطان شيبوط

إدارة المواد : (رقم التسجيلة. 45229)

تفاصيل مارك
000 -LEADER
fixed length control field 01258nam a2200241Ia 4500
003 - CONTROL NUMBER IDENTIFIER
control field Ost
005 - DATE AND TIME OF LATEST TRANSACTION
control field 20260507075632.0
008 - FIXED-LENGTH DATA ELEMENTS--GENERAL INFORMATION
fixed length control field 260507s9999||||xx |||||||||||||| ||und||
020 ## - INTERNATIONAL STANDARD BOOK NUMBER
International Standard Book Number 9335537977
040 ## - CATALOGING SOURCE
Transcribing agency fsecg
041 ## - LANGUAGE CODE
Language code of text/sound track or separate title ara
082 ## - DEWEY DECIMAL CLASSIFICATION NUMBER
Classification number 658.7
100 ## - MAIN ENTRY--PERSONAL NAME
Personal name حجازي، أبو الفتوح حجازي
Relator term مؤلف
245 #0 - TITLE STATEMENT
Title إدارة المواد :
Remainder of title الاتجاهات المعاصرة لوظيفة الشراء /
Statement of responsibility, etc. أبو الفتوح حجازي حجازي
260 ## - PUBLICATION, DISTRIBUTION, ETC.
Place of publication, distribution, etc. القاهرة:
Name of publisher, distributor, etc. مؤسسة النجوم الهاشمية,
Date of publication, distribution, etc. 2001
300 ## - PHYSICAL DESCRIPTION
Extent 343 صفحة؛
Dimensions 24 سم
504 ## - BIBLIOGRAPHY, ETC. NOTE
Bibliography, etc. note المراجع ص.337
520 ## - SUMMARY, ETC.
Summary, etc. وظيفة إدارة المواد ، التخطيط الإستراتجي في مجال إدارة المواد ، تخطيط الإحتياجات من المواد ،نظام توفير الإحتياجات في الوقت المحدد ،إجراءات وطرق الشراء ، توفير المواد بالجودة المناسبة ، توفير المواد بالكمة المناسبة ،إختيار مصدر التوريد المناسب ،الشراء بالسعر المناسب.
653 ## - INDEX TERM--UNCONTROLLED
Uncontrolled term إدارة المخازن
653 ## - INDEX TERM--UNCONTROLLED
Uncontrolled term الجرد
653 ## - INDEX TERM--UNCONTROLLED
Uncontrolled term الشراء
942 ## - ADDED ENTRY ELEMENTS (KOHA)
Koha item type كتب
المقتنيات
Withdrawn status Lost status Source of classification or shelving scheme Damaged status Not for loan Home library Current library Date acquired Serial enumeration / chronology Inventory number Total checkouts Full call number Barcode Date last seen Price effective from Koha item type
    Dewey Decimal Classification   NOT LOAN / إعارة داخلية مكتبة كلية العلوم الإقتصادية والعلوم التجارية وعلوم التسيير مكتبة كلية العلوم الإقتصادية والعلوم التجارية وعلوم التسيير 07/05/2026 الطابق الأرضي 737/1   أ/737ن1 737/1 07/05/2026 07/05/2026 كتب

موارد الويب المفتوحة


© University of Algiers 3 All Rights Reserved
|
Implemented by LECHELAH Riad